Sports Quiz

Random Sports or NFL Quiz
Score 0/56 Timer 10:00
0 Plays Today
School Player % Correct
MississippiEli Manning
89.7%
TennesseePeyton Manning
89.7%
FloridaEmmitt Smith
84.6%
MissouriJustin Smith
83.3%
AlabamaShaun Alexander
79.5%
FloridaRex Grossman
74.4%
AuburnJason Campbell
67.9%
AlabamaKen Stabler
66.7%
GeorgiaHerschel Walker
65.4%
GeorgiaFran Tarkenton
61.5%
GeorgiaHines Ward
61.5%
GeorgiaMo Lewis
59%
TennesseeJamal Lewis
59%
MississippiDeuce McAllister
53.8%
AuburnStephen Davis
38.5%
AlabamaCornelius Bennett
37.2%
VanderbiltEarl Bennett
37.2%
AlabamaDon Hutson
35.9%
South CarolinaSterling Sharpe
34.6%
KentuckyD.J. Johnson
33.3%
South CarolinaGeorge Rogers
33.3%
LSUJim Taylor
30.8%
ArkansasJoe Ferguson
29.5%
Mississippi St.Eric Moulds
29.5%
TennesseeReggie White
28.2%
AuburnTakeo Spikes
26.9%
LSUY.A. Tittle
26.9%
ArkansasLance Alworth
25.6%
School Player % Correct
Mississippi St.Walt Harris
21.8%
MissouriKellen Winslow
21.8%
AuburnFrank Sanders
20.5%
ArkansasBarry Foster
20.5%
MissouriJames Wilder
20.5%
South CarolinaAnthony Wright
19.2%
ArkansasSteve Atwater
17.9%
FloridaWes Chandler
16.7%
LSUEddie Kennison
16.7%
LSUMichael Brooks
16.7%
FloridaWilber Marshall
12.8%
MississippiWesley Walls
12.8%
TennesseeStanley Morgan
12.8%
KentuckyGeorge Blanda
10.3%
Mississippi St.Joe Reed
10.3%
South CarolinaBrad Edwards
9%
Texas A&MRay Childress
9%
Texas A&MJohn David Crow
6.4%
KentuckyDerrick Ramsey
5.1%
VanderbiltTom Moore
5.1%
VanderbiltBilly Wade
3.8%
KentuckyDoug Kotar
2.6%
Mississippi St.Hoyle Granger
2.6%
VanderbiltCorey Chavous
2.6%
MississippiJeff Herrod
1.3%
Texas A&MBobby Joe Conrad
1.3%
MissouriPaul Christman
0%
Texas A&MKarl Sweetan
0%
Remove Ads.
Support Sporcle.
Get the best of Sporcle when you Go Orange. This ad-free experience offers more features, more stats, and more fun while also helping to support Sporcle. Thank you for becoming a member.

You're not logged in!

Compare scores with friends on all Sporcle quizzes.
OR
Log In

Show Comments

Extras

Top Quizzes Today


Score Distribution

Your Account Isn't Verified!

In order to create a playlist on Sporcle, you need to verify the email address you used during registration. Go to your Sporcle Settings to finish the process.

Report this User

Report this user for behavior that violates our Community Guidelines.

Details: